000 01681cam a22003375a 4500
001 L137440
002 16575
008 070405s2007 xxk f 000 0 eng d
020 _a9781904388647
035 _a(Sirsi) u137440
041 0 _aeng
050 0 4 _a347.4107 $2 18
100 1 _aWebber, Lesley
245 0 4 _aThe impact of the Civil Procedure Rules on surveyors
_ba CPD study pack
250 _a4th ed.
260 _aReading
_bCollege of Estate Management
_c2007
300 _a65p.
_c30cm.
350 _a53.50
490 0 _aCollege of Estate Management CPD Study Pack
520 _aThe fourth edition of this CPD study pack considers the key concepts and features of the Civil Procedure Rules (CPR). Aspects of note to surveyors concern expert evidence, pre-action protocols, offers of settlements and costs. Discusses how CPR affects the lease renewal procedure, their impact on other forms of dispute resolution, and how they interact with the Human Rights Act 1998. Appendices include the Civil Justice Council's "Protocol for the instruction of experts to give evidence in civil claims". Case law and bibliography.
520 _aSupersedes third edition (ISBN 1904388272). Please note that the tape accompanying the third edition has been withdrawn from the fourth edition.
590 _aKA
650 2 4 _aCIVIL PROCEDURE RULES 1998
650 2 4 _aCIVIL PROCEDURE RULES PART 35
650 2 4 _aHUMAN RIGHTS ACT 1998
651 4 _aEngland and Wales
_y1543-
690 _aMANAGEMENT-DISPUTE AVOIDANCE, MANAGEMENT AND RESOLUTION-DISPUTE MANAGEMENT AND RESOLUTION
700 1 _aChesser, Andrew
710 1 _aCollege of Estate Management
_9400
942 _n0
999 _c106784
_d106784